Around the World (Border by Border) Quiz Stats

 Plays Quiz not verified by Sporcle

Abbreviate with Confidenceā„¢ This guiz supports Multi-Word Abbreviations (see comments) and all the commonly accepted Sporcle country name alternatives: http://www.sporcle.com/games/tahitiwahini/common_country_name_alternatives Additional border-related quizzes: http://www.sporcle.com/games/tahitiwahini/around_world_2_by_border_length http://www.sporcle.com/games/tahitiwahini/bordering_medium_countries_1 http://www.sporcle.com/games/tahitiwahini/bordering_medium_countries_2 http://www.sporcle.com/games/tahitiwahini/bordering_medium_countries_3 http://www.sporcle.com/games/tahitiwahini/bordering_medium_countries_4 http://www.sporcle.com/games/tahitiwahini/bordering_medium_countries_5
Score 0/125 Timer 15:00
0 Plays Today
Border Length --- Country --- (no repeats) % Correct
????
100%
????
97.3%
????
97.2%
????
90.3%
????
88.3%
????
85.3%
????
83.7%
????
82.3%
????
81.7%
????
81.5%
????
80.7%
????
78.5%
????
78.5%
????
78.5%
????
77.8%
????
77.4%
????
77.3%
????
77.2%
????
77.1%
????
74%
????
73.6%
????
73.3%
????
69.4%
????
64.7%
????
64.6%
????
61.5%
????
60.5%
????
59.7%
????
59.6%
????
58.6%
????
58.2%
????
57.2%
????
56.1%
????
55.4%
????
54.4%
????
54.3%
????
54.1%
????
53.7%
????
53.5%
????
53.4%
????
53.4%
????
53%
Border Length --- Country --- (no repeats) % Correct
????
52.8%
????
52.4%
????
52.3%
????
51.9%
????
51.7%
????
51.2%
????
50.7%
????
50.6%
????
50.6%
????
50.1%
????
49.9%
????
49.5%
????
49.5%
????
49.5%
????
49.3%
????
49.3%
????
49.2%
????
49.2%
????
49.1%
????
48.8%
????
48.8%
????
48.8%
????
48.8%
????
48.6%
????
48.5%
????
48.5%
????
48.5%
????
48.5%
????
48.3%
????
48.3%
????
48.1%
????
47.9%
????
47.8%
????
47.5%
????
47.3%
????
47.1%
????
45.8%
????
45.1%
????
44.8%
????
44.4%
????
44%
????
43.9%
Border Length --- Country --- (no repeats) % Correct
????
43.9%
????
43.6%
????
43.4%
????
43.3%
????
42.9%
????
42.9%
????
42.8%
????
42.6%
????
42.6%
????
41.8%
????
41.7%
????
40.4%
????
39.9%
????
39.7%
????
39.7%
????
39.5%
????
38.8%
????
38.4%
????
37.5%
????
37.3%
????
36.2%
????
35.4%
????
34.7%
????
34.1%
????
33.7%
????
33.4%
????
32.9%
????
32.6%
????
32.4%
????
32.3%
????
32.1%
????
31.6%
????
31%
????
30.6%
????
30.4%
????
29.1%
????
28.6%
????
27.5%
????
27.3%
????
27.2%
????
27.2%

You're not logged in!

Compare scores with friends on all Sporcle quizzes.
Join for Free
OR
Log In

You Might Also Like...

Show Comments

Extras

Top Quizzes Today


Score Distribution

Your Account Isn't Verified!

In order to create a playlist on Sporcle, you need to verify the email address you used during registration. Go to your Sporcle Settings to finish the process.

Report this User

Report this user for behavior that violates our Community Guidelines.

Details: